000 00397nam a2200133Ia 4500
008 231017s9999 xx 000 0 und d
082 _a363.28GAO
082 _bGAO
245 0 _aTransportation Security: Comprehensive Risk Assessments and Stronger Internal Controls Needed to Help Inform TSA Resource Allocation March 2009
245 0 _cGAO
260 _bGAO
300 _c30cm
942 _cREP
999 _c603730
_d603730